Návrh ambasády (zastupiteľského úradu) Českej republiky v Addis Abebe, Etiópia

Saved in:
Bibliographic Details
Main Author: Hunčárová, Katarína (Author)
Other Authors: Paňák, Pavel (Thesis advisor)
Format: Manuscript Book
Language:Slovak
Published: Bratislava 2020
Subjects:
Online Access:http://is.stuba.sk/zp/portal_zp.pl?podrobnosti=146725
Tags: Add Tag
No Tags, Be the first to tag this record!

MARC

LEADER 00000ntm a22000003a 4500
001 stuzp74838
003 SK-STU
005 20200817080009.6
007 ta
008 150427s2015----xo-----f-mn---000-0-slo-d
040 |a STU  |b slo 
041 0 |a slo 
100 1 |a Hunčárová, Katarína  |u 050000  |4 aut  |T FAD Fakulta architektúry  |X 65252  |U A  |Y 50  |7 65252 
242 0 1 |a Embassy of the Czech Republic in Addis Ababa, Ethiopia  |y eng 
245 1 0 |a Návrh ambasády (zastupiteľského úradu) Českej republiky v Addis Abebe, Etiópia 
260 |c 2020  |a Bratislava 
650 4 |a Návrh veľvyslanectva  |2 slo 
650 4 |a komplex stavieb  |2 slo 
650 4 |a rezidencia veľvyslanca  |2 slo 
650 4 |a rezidenčná architektúra  |2 slo 
650 4 |a Embassy  |2 eng 
650 4 |a urban complex  |2 eng 
650 4 |a Residence architecture  |2 eng 
650 4 |a Ambassadors Residence  |2 eng 
700 1 |a Paňák, Pavel  |u 051110  |k Z1  |4 ths  |U FAD Fakulta architektúry  |T FA Ústav architektúry obytných budov  |X 70322  |U A1110  |Y 392  |7 A000070322 
856 4 |u http://is.stuba.sk/zp/portal_zp.pl?podrobnosti=146725  |u https://opac.crzp.sk/?fn=detailBiblioForm&sid=9F8942B94996237AAAF81CF666DC